Problemas del desarrollo y de la integración de América Latina

Сохранить в:
Библиографические подробности
Главный автор: Kaplan, Marcos E (Автор)
Формат:
Язык:испанский
Опубликовано: Valparaíso Edeval 1967
Серии:Colección Ensayos,2
Предметы:
Метки: Добавить метку
Нет меток, Требуется 1-ая метка записи!

MARC

LEADER 00000nam a2200000 a 4500
001 UCO2823
003 CL-VaPUC
008 000608e19670000CL |||||||||||||||||spa|d
082 0 4 |a 980  |b KAP  |2 21 
100 |a Kaplan, Marcos E  |e author  |9 446487 
245 1 0 |a Problemas del desarrollo y de la integración de América Latina 
300 |a 203 p 
942 |c BK 
945 |d 20000608 00:00:00  |a rherrera 
260 |a Valparaíso  |b Edeval  |c 1967 
650 7 |a HISTORIA AMERICA  |2 CL-VaPUC  |9 446488 
650 0 |a Democracia  |9 255256 
650 0 |a Integración económica  |9 255024 
650 0 |a Desarrollo económico y social   |9 256320 
651 0 |a América  |9 255182 
583 |a last modification  |c 20000608 00:00:00  |k Rodrigo Vera 
490 0 |a Colección Ensayos,2 
999 |c 289318  |d 289316 
952 |0 0  |1 0  |4 0  |6 980_000000000000000_KAP_1967  |7 0  |8 A  |9 337605  |a BIBHIS  |b BIBHIS  |d 2019-11-20  |i 1287869  |o 980 KAP 1967  |p 1287869  |r 2025-01-20  |w 2019-11-20  |y BK  |k HIS